00325 2200133 4500001002100000005001500021035002000036245005300056100002500109300001200134260002500146082000800171990001200179INLIS00000000000221920250527014929 a0010-05250005111 aMusim Liberal /cDrs. Chumaid Syarif Romas,M.Si.0 aChumaid Syarif Romas a104 hlm bTajiduu Press,c2005 a813 a0712702